000 00542nam a22001697a 4500
003 OSt
005 20260112160727.0
008 260112b |||||||| |||| 00| 0 eng d
041 _aEnglish
082 _aPER/NPC/17 Acc No. 098
110 _aNational Population Council
245 _aNational Population Council of Ghana Eight Year Strategic Plan (Periodical)
260 _aAccra:
_bNational Population Council,
_c2017.
300 _a44p.: tabs, diag,
653 _aNational Population Council
942 _2ddc
_cPR
_n0
999 _c5881
_d5881